000 00547nam a2200217Ia 4500
003 GCL
008 140319s9999 xx 000 0 eng d
040 _aGCL /
_cGCL
082 0 4 _a720.92
_bSC
100 1 _aSTEELE, JAMES
245 1 0 _aCHARLES RENNIE MACKINTOSH:SYNTHESS IN FORM /
_cSTEELE, JAMES
260 _a[S.N] :
_bACADEMY EDITIONS ،
_c1994
300 _a224
650 0 4 _aDESIGNERS
650 0 4 _aARCHITECTURE
650 0 4 _aMACINTOSH
650 0 4 _aINTERIOR DESIGN
650 0 4 _aARTISTS
650 0 4 _aARCHITECTS
942 _2ddc
_cBK
999 _c11643
_d11643